[Event "St Petersburg-ch (Women)"]
[Site "St Petersburg"]
[Date "2015.03.31"]
[Round "9"]
[White "Andreeva, Yuliya"]
[Black "Belenkaya, Dina"]
[Result "0-1"]
[WhiteElo "1960"]
[BlackElo "2259"]
[PlyCount "95"]
[EventDate "2015.03.23"]
[EventType "swiss"]
[EventRounds "9"]
[EventCountry "RUS"]
[SourceTitle "CBM 165 Extra"]
[Source "ChessBase"]
[SourceDate "2015.04.21"]
[SourceVersion "1"]
[SourceVersionDate "2015.04.21"]
[SourceQuality "1"]

1. e4 c6 2. d4 d5 3. Nc3 dxe4 4. Nxe4 Bf5 5. Ng3 Bg6 6. h4 h6 7. Nf3 Nd7 8. h5 Bh7 9. Bd3 Bxd3 10. Qxd3 e6 11. Bd2 Ngf6 12. 0-0-0 Be7 13. Kb1 Rc8 14. Ne4 c5 15. dxc5 Nxc5 16. Nxc5 Bxc5 17. Qb5+ Qd7 18. Qxd7+ Nxd7 19. Bc3 Nf6 20. Bxf6 gxf6 21. Rd2 Rd8 22. Rhd1 Rxd2 23. Rxd2 Rg8 24. g3 Ke7 25. c3 e5 26. Re2 Ke6 27. Kc2 Rd8 28. Nh2 f5 29. Nf3 e4 30. Nh4 Rg8 31. b4 Bd6 32. Nf3 Kf6 33. Nh4 Rg5 34. Kb3 Rxh5 35. c4 f4 36. Rxe4 fxg3 37. fxg3 Bxg3 38. Ng2 Re5 39. Rg4 Rg5 40. Re4 h5 41. Ne3 Re5 42. Nd5+ Kf5 43. Rd4 h4 44. Rd3 Kg4 45. Nf6+ Kg5 46. Nd7 Re7 47. Rd5+ f5 48. b5 0-1

[Event "St Petersburg-ch (Women)"]
[Site "St Petersburg"]
[Date "2015.03.27"]
[Round "5"]
[White "Andreeva, Yuliya"]
[Black "Golovkina, Anastasia"]
[Result "1-0"]
[WhiteElo "1960"]
[BlackElo "1837"]
[PlyCount "101"]
[EventDate "2015.03.23"]
[EventType "swiss"]
[EventRounds "9"]
[EventCountry "RUS"]
[SourceTitle "CBM 165 Extra"]
[Source "ChessBase"]
[SourceDate "2015.04.21"]
[SourceVersion "1"]
[SourceVersionDate "2015.04.21"]
[SourceQuality "1"]

1. d4 d5 2. c4 e6 3. Nc3 Be7 4. Nf3 Nf6 5. Bg5 0-0 6. cxd5 exd5 7. Qc2 c6 8. e3 Nbd7 9. Bd3 Re8 10. 0-0 Nf8 11. h3 Be6 12. Ne5 N6d7 13. Bxe7 Qxe7 14. Nxd7 Qxd7 15. b4 Rac8 16. Rfc1 g6 17. b5 c5 18. dxc5 Rxc5 19. Qb2 Rec8 20. Ne2 Rxc1+ 21. Rxc1 Rxc1+ 22. Qxc1 Qc8 23. Qa3 Qb8 24. Nd4 Nd7 25. f4 Nb6 26. f5 Bd7 27. Qe7 Qe8 28. Qg5 Qe5 29. Nf3 Qd6 30. fxg6 hxg6 31. Ne5 d4 32. Qf4 Qd5 33. exd4 Be6 34. Nf3 Kg7 35. a3 Qb3 36. Qe5+ Kh7 37. Ng5+ Kg8 38. Bxg6 fxg6 39. Nxe6 Kf7 40. Ng5+ Kg8 41. Qe8+ Kg7 42. Qe7+ Kh6 43. h4 Kh5 44. Nf3 Qxb5 45. Qh7+ Kg4 46. Qxg6+ Kf4 47. h5 Nc4 48. h6 Ne3 49. Qf6+ Ke4 50. Qe5+ Qxe5 51. dxe5 1-0

[Event "EU-ch rapid"]
[Site "Warsaw"]
[Date "2013.12.14"]
[Round "2"]
[White "Andreeva, Yuliya"]
[Black "Korobov, Anton"]
[Result "0-1"]
[WhiteElo "1941"]
[BlackElo "2713"]
[PlyCount "47"]
[EventDate "2013.12.14"]
[EventType "swiss (rapid)"]
[EventRounds "11"]
[EventCountry "POL"]
[SourceTitle "CBM 157 Extra"]
[Source "ChessBase"]
[SourceDate "2013.12.19"]
[SourceVersion "1"]
[SourceVersionDate "2013.12.19"]
[SourceQuality "1"]

1. d4 Nf6 2. c4 e6 3. Nc3 Bb4 4. e3 c5 5. Nge2 b6 6. a3 Ba5 7. Bd2 0-0 8. Na4 Bxd2+ 9. Qxd2 Bb7 10. Nec3 d6 11. f3 Nc6 12. Bd3 cxd4 13. exd4 Rc8 14. b4 Nxd4 15. Bxh7+ Nxh7 16. Qxd4 e5 17. Qf2 Rxc4 18. 0-0 Ng5 19. Qe3 Qf6 20. Nb2 Rh4 21. Qe1 Qh6 22. Qg3 f5 23. Nc4 Rxc4 24. Nb1 0-1

[Event "St Petersburg-ch (Women) 81st"]
[Site "St Petersburg"]
[Date "2013.03.17"]
[Round "7"]
[White "Belenkaya, Dina"]
[Black "Andreeva, Yuliya"]
[Result "1-0"]
[WhiteElo "2181"]
[BlackElo "2001"]
[PlyCount "61"]
[EventDate "2013.03.11"]
[EventType "tourn"]
[EventRounds "11"]
[EventCountry "RUS"]
[SourceTitle "CBM 153 Extra"]
[Source "ChessBase"]
[SourceDate "2013.04.22"]
[SourceVersion "1"]
[SourceVersionDate "2013.04.22"]
[SourceQuality "1"]

1. e4 c6 2. d4 d5 3. e5 Bf5 4. Nd2 e6 5. Nb3 Nd7 6. Nf3 Bg6 7. Be2 Ne7 8. 0-0 Nf5 9. a4 Be7 10. a5 0-0 11. g4 Nh4 12. Nxh4 Bxh4 13. f4 Be4 14. Nd2 f5 15. g5 h6 16. Nxe4 fxe4 17. Bh5 hxg5 18. Qg4 gxf4 19. Bxf4 Qe7 20. Bg6 Rf5 21. Bxf5 exf5 22. Qxf5 Nf8 23. Qg4 Ne6 24. c3 Bg5 25. Bg3 c5 26. dxc5 Nxc5 27. Rf5 Bh6 28. Raf1 Nd3 29. e6 Re8 30. Qg6 Nc5 31. Bd6 1-0

[Event "St Petersburg-ch sf (Women)"]
[Site "St Petersburg"]
[Date "2013.01.29"]
[Round "4"]
[White "Andreeva, Yuliya"]
[Black "Korchagina, Victoria"]
[Result "1-0"]
[WhiteElo "1971"]
[BlackElo "2037"]
[PlyCount "65"]
[EventDate "2013.01.26"]
[EventType "swiss"]
[EventRounds "9"]
[EventCountry "RUS"]
[SourceTitle "CBM 152 Extra"]
[Source "ChessBase"]
[SourceDate "2013.02.25"]
[SourceVersion "1"]
[SourceVersionDate "2013.02.25"]
[SourceQuality "1"]

1. d4 Nf6 2. c4 g6 3. g3 Bg7 4. Bg2 0-0 5. Nc3 d6 6. Nf3 Nbd7 7. 0-0 e5 8. e4 a6 9. h3 b5 10. Qc2 c6 11. Rd1 Qe7 12. dxe5 dxe5 13. a3 Ne8 14. cxb5 axb5 15. Na2 Bb7 16. Be3 f5 17. exf5 gxf5 18. Bg5 Qf7 19. Bd2 h6 20. Bb4 c5 21. Ng5 hxg5 22. Bxb7 Nef6 23. Bxc5 Nxc5 24. Bxa8 Nb3 25. Bd5 Nxd5 26. Qxb3 Nb6 27. Qxb5 f4 28. Qxb6 fxg3 29. Rf1 g2 30. Rfe1 g4 31. hxg4 Bf6 32. Qe3 Bh4 33. Re2 1-0

[Event "Chigorin Memorial 20th"]
[Site "St Petersburg"]
[Date "2012.11.02"]
[Round "7"]
[White "Denishev, Marat"]
[Black "Andreeva, Yuliya"]
[Result "1-0"]
[WhiteElo "2198"]
[BlackElo "1944"]
[PlyCount "83"]
[EventDate "2012.10.27"]
[EventType "swiss"]
[EventRounds "9"]
[EventCountry "RUS"]
[SourceTitle "EXT 2013"]
[Source "ChessBase"]
[SourceDate "2012.11.22"]
[SourceVersion "1"]
[SourceVersionDate "2012.11.22"]
[SourceQuality "1"]

1. d4 d5 2. c4 dxc4 3. e4 b5 4. a4 c6 5. b3 e5 6. Nf3 exd4 7. bxc4 c5 8. cxb5 Nf6 9. Bc4 Be6 10. Bxe6 fxe6 11. Qb3 Qd7 12. 0-0 Nxe4 13. Re1 Qd5 14. Qd3 Nf6 15. Ng5 e5 16. f4 Nbd7 17. fxe5 Nxe5 18. Bf4 Bd6 19. Bxe5 Bxe5 20. Nf3 Nd7 21. Nxe5 0-0 22. Nxd7 Qxd7 23. Nd2 Rae8 24. Qc4+ Kh8 25. Qxc5 d3 26. Rxe8 Rxe8 27. Rf1 h6 28. Rf8+ Rxf8 29. Qxf8+ Kh7 30. Qf4 Qd8 31. Nc4 Qe7 32. Qe3 Qd8 33. Kf2 Qf6+ 34. Ke1 Qc3+ 35. Nd2 Qa1+ 36. Kf2 Qf6+ 37. Nf3 Qd6 38. Qd4 Qa3 39. Ke3 Qc1+ 40. Kxd3 Qf1+ 41. Ke3 Qxg2 42. Qxa7 1-0

[Event "Chigorin Memorial 20th"]
[Site "St Petersburg"]
[Date "2012.10.29"]
[Round "3"]
[White "Suleymanyants, Odisey"]
[Black "Andreeva, Yuliya"]
[Result "1-0"]
[WhiteElo "2227"]
[BlackElo "1944"]
[PlyCount "79"]
[EventDate "2012.10.27"]
[EventType "swiss"]
[EventRounds "9"]
[EventCountry "RUS"]
[SourceTitle "EXT 2013"]
[Source "ChessBase"]
[SourceDate "2012.11.22"]
[SourceVersion "1"]
[SourceVersionDate "2012.11.22"]
[SourceQuality "1"]

1. e4 c5 2. Nf3 d6 3. c3 Nf6 4. Be2 g6 5. 0-0 Bg7 6. d3 0-0 7. Nbd2 Nc6 8. a4 e5 9. Nc4 h6 10. Nfd2 d5 11. exd5 Nxd5 12. Ne4 b6 13. a5 f5 14. Ned6 Be6 15. axb6 axb6 16. Rxa8 Qxa8 17. Bf3 Qb8 18. Qb3 Rd8 19. Nb5 Nce7 20. Re1 g5 21. g3 g4 22. Bg2 Ng6 23. Qa4 Nc7 24. Nxc7 Qxc7 25. Bf1 Kh8 26. Qb5 Rb8 27. Bd2 Bd7 28. Qa6 Ne7 29. Bg2 Nc6 30. Ra1 Bc8 31. Qb5 Bd7 32. Qa6 f4 33. Be4 b5 34. Na5 Ne7 35. Nb3 c4 36. Qa7 Qd6 37. Ra6 Bc6 38. Na5 Rc8 39. Nxc6 Rxc6 40. Qa8+ 1-0

[Event "Chigorin Memorial 20th"]
[Site "St Petersburg"]
[Date "2012.10.28"]
[Round "2"]
[White "Andreeva, Yuliya"]
[Black "Bajarani, Ulvi"]
[Result "0-1"]
[WhiteElo "1944"]
[BlackElo "2436"]
[PlyCount "64"]
[EventDate "2012.10.27"]
[EventType "swiss"]
[EventRounds "9"]
[EventCountry "RUS"]
[SourceTitle "EXT 2013"]
[Source "ChessBase"]
[SourceDate "2012.11.22"]
[SourceVersion "1"]
[SourceVersionDate "2012.11.22"]
[SourceQuality "1"]

1. d4 d5 2. c4 c6 3. Nf3 Nf6 4. Nc3 e6 5. Bg5 h6 6. Bxf6 Qxf6 7. e3 g6 8. Bd3 Bg7 9. 0-0 0-0 10. Qc2 Nd7 11. e4 dxc4 12. Bxc4 e5 13. d5 Nb6 14. Bb3 Bg4 15. Nd2 Rac8 16. dxc6 Qxc6 17. a4 a5 18. Rfc1 h5 19. Nf1 Bh6 20. Re1 Rfd8 21. Ne3 Bxe3 22. Rxe3 Kg7 23. h3 Be6 24. Bxe6 Qxe6 25. b3 Rd4 26. Qb2 Rb4 27. Nd5 Nc4 28. Qe2 Nxe3 29. Qxe3 Rd4 30. f4 f5 31. exf5 Qxd5 32. fxe5 Re4 0-1

[Event "St Petersburg Botvinnik Memorial op"]
[Site "St Petersburg"]
[Date "2012.08.26"]
[Round "2"]
[White "Matsenko, Andrei"]
[Black "Andreeva, Yuliya"]
[Result "1-0"]
[WhiteElo "2188"]
[BlackElo "1928"]
[PlyCount "107"]
[EventDate "2012.08.25"]
[EventType "swiss"]
[EventRounds "9"]
[EventCountry "RUS"]
[SourceTitle "CBM 150 Extra"]
[Source "ChessBase"]
[SourceDate "2012.10.19"]
[SourceVersion "1"]
[SourceVersionDate "2012.10.19"]
[SourceQuality "1"]

1. e4 c5 2. Nf3 d6 3. d4 Nf6 4. Nc3 cxd4 5. Nxd4 a6 6. Be2 e5 7. Nb3 Be7 8. 0-0 Be6 9. Kh1 Nbd7 10. f4 b5 11. Bf3 0-0 12. Re1 Rc8 13. Nd5 exf4 14. Bxf4 Ne5 15. Nd4 Nxf3 16. Qxf3 Rc4 17. c3 Kh8 18. Nxe7 Qxe7 19. Bg5 b4 20. e5 dxe5 21. Rxe5 bxc3 22. bxc3 h6 23. Nf5 Qc7 24. Bxf6 Bxf5 25. Qxf5 gxf6 26. Qxf6+ Kg8 27. Rf1 Rc6 28. Qf5 Rg6 29. Re3 Qc4 30. Qf2 Rd8 31. Re7 Rd2 32. Qf3 Rgxg2 33. Qa8+ Kg7 34. Rexf7+ Qxf7 35. Qxg2+ Rxg2 36. Rxf7+ Kxf7 37. Kxg2 Ke6 38. Kf3 Kd5 39. Ke3 Kc4 40. Kd2 h5 41. h4 Kc5 42. Kd3 Kd5 43. c4+ Kc5 44. Kc3 Kc6 45. Kd4 Kd6 46. c5+ Kc6 47. a4 Kd7 48. Kd5 Kc7 49. c6 Kd8 50. Kc5 Kc7 51. a5 Kc8 52. Kb6 Kb8 53. Kxa6 Ka8 54. Kb6 1-0

[Event "St Petersburg-ch (Women)"]
[Site "St Petersburg"]
[Date "2012.03.20"]
[Round "4"]
[White "Korchagina, Victoria"]
[Black "Andreeva, Yuliya"]
[Result "1-0"]
[WhiteElo "2103"]
[BlackElo "1965"]
[PlyCount "117"]
[EventDate "2012.03.17"]
[EventType "tourn"]
[EventRounds "9"]
[EventCountry "RUS"]
[SourceTitle "CBM 147 Extra"]
[Source "ChessBase"]
[SourceDate "2012.04.24"]
[SourceVersion "1"]
[SourceVersionDate "2012.04.24"]
[SourceQuality "1"]

1. e4 c5 2. Nf3 d6 3. d4 cxd4 4. Nxd4 Nf6 5. Nc3 a6 6. f3 e5 7. Nb3 Be6 8. Be3 Be7 9. Qd2 h5 10. 0-0-0 Nbd7 11. h4 b5 12. Bg5 Rc8 13. Kb1 Qb6 14. Nd5 Nxd5 15. exd5 Bf5 16. Bd3 Bxd3 17. Qxd3 Bxg5 18. hxg5 a5 19. g6 Nf6 20. g4 e4 21. Qe2 a4 22. Nd4 Rc4 23. g5 Rxd4 24. gxf6 fxg6 25. Rxd4 Qxd4 26. Qxb5+ Kf7 27. Qd7+ Kxf6 28. Qe6+ Kg5 29. f4+ Kxf4 30. Qxg6 Qf2 31. Qxg7 Rc8 32. Qh6+ Kf3 33. Qxh5+ Ke3 34. Qd1 Qg2 35. Re1+ Kf4 36. Rf1+ Ke3 37. c3 Qd2 38. Re1+ Kd3 39. Qxd2+ Kxd2 40. Rxe4 a3 41. Rd4+ Ke3 42. Kc2 axb2 43. Kxb2 Rb8+ 44. Kc2 Rh8 45. a4 Rh2+ 46. Kb3 Rh1 47. a5 Rb1+ 48. Kc4 Rb2 49. Rh4 Rb7 50. Rh6 Rc7+ 51. Kb4 Rb7+ 52. Kc4 Rc7+ 53. Kb5 Rc5+ 54. Kb6 Rxd5 55. a6 Rd1 56. Rh4 Rg1 57. a7 Rb1+ 58. Rb4 Ra1 59. Rb5 1-0

[Event "St Petersburg-ch (Women)"]
[Site "St Petersburg"]
[Date "2012.03.18"]
[Round "2"]
[White "Chernyak, Viktoria"]
[Black "Andreeva, Yuliya"]
[Result "1-0"]
[WhiteElo "1869"]
[BlackElo "1965"]
[PlyCount "99"]
[EventDate "2012.03.17"]
[EventType "tourn"]
[EventRounds "9"]
[EventCountry "RUS"]
[SourceTitle "CBM 147 Extra"]
[Source "ChessBase"]
[SourceDate "2012.04.24"]
[SourceVersion "1"]
[SourceVersionDate "2012.04.24"]
[SourceQuality "1"]

1. e4 c5 2. Nf3 d6 3. Bb5+ Nc6 4. Bxc6+ bxc6 5. 0-0 e5 6. c3 Nf6 7. d4 cxd4 8. cxd4 exd4 9. Qxd4 c5 10. Qd1 Bg4 11. Nc3 Be7 12. Bg5 0-0 13. Rc1 h6 14. Bh4 Rb8 15. b3 Rb4 16. Re1 c4 17. Bxf6 Bxf6 18. Nd5 Rb5 19. Rxc4 Be5 20. h3 Bh5 21. g4 Bg6 22. Nxe5 dxe5 23. Nc3 Rb7 24. Qxd8 Rxd8 25. Rc5 Rd3 26. Kg2 f6 27. f3 Bf7 28. Rd1 Rxd1 29. Nxd1 Rd7 30. Nc3 Rd2+ 31. Kg3 Rc2 32. Rc8+ Kh7 33. Rc7 Be6 34. h4 h5 35. Nd5 Rxc7 36. Nxc7 Bd7 37. Nd5 Kg6 38. b4 hxg4 39. fxg4 Kf7 40. Nc3 Ke7 41. a4 Kd6 42. g5 fxg5 43. hxg5 a5 44. bxa5 Kc5 45. Nb5 Bc8 46. Nc7 Bd7 47. g6 Kc6 48. Nd5 Bc8 49. a6 Bd7 50. a7 1-0

[Event "St Petersburg-ch (Women)"]
[Site "St Petersburg"]
[Date "2012.03.17"]
[Round "1"]
[White "Andreeva, Yuliya"]
[Black "Zavgorodniaya, Alena"]
[Result "0-1"]
[WhiteElo "1965"]
[BlackElo "1900"]
[PlyCount "48"]
[EventDate "2012.03.17"]
[EventType "tourn"]
[EventRounds "9"]
[EventCountry "RUS"]
[SourceTitle "CBM 147 Extra"]
[Source "ChessBase"]
[SourceDate "2012.04.24"]
[SourceVersion "1"]
[SourceVersionDate "2012.04.24"]
[SourceQuality "1"]

1. d4 Nf6 2. c4 g6 3. Nc3 d5 4. Nf3 Bg7 5. e3 0-0 6. Bd2 c5 7. Rc1 cxd4 8. Nxd4 e5 9. Nf3 d4 10. Nb1 Nc6 11. exd4 exd4 12. Bd3 Re8+ 13. Kf1 Bg4 14. Bg5 Ne5 15. Be4 Qb6 16. Bxf6 Bxf6 17. b3 Bg5 18. Nbd2 Qa5 19. Rc2 d3 20. Rb2 Qc3 21. Qa1 Nxf3 22. Nxf3 Rxe4 23. Nxg5 Re2 24. Rb1 Qc2 0-1

[Event "Chigorin Memorial 19th"]
[Site "St Petersburg"]
[Date "2011.10.22"]
[Round "9"]
[White "Sukhareva, Evgenia"]
[Black "Andreeva, Yuliya"]
[Result "1-0"]
[WhiteElo "2213"]
[BlackElo "1940"]
[PlyCount "61"]
[EventDate "2011.10.14"]
[EventType "swiss"]
[EventRounds "9"]
[EventCountry "RUS"]
[SourceTitle "CBM 144 Extra"]
[Source "ChessBase"]
[SourceDate "2011.10.28"]
[SourceVersion "1"]
[SourceVersionDate "2011.10.28"]
[SourceQuality "1"]

1. d4 d5 2. Nf3 c6 3. c4 e6 4. e3 Nf6 5. Nc3 Nbd7 6. Qc2 b6 7. Be2 Bb7 8. 0-0 Be7 9. Ne5 0-0 10. f4 dxc4 11. Bxc4 c5 12. Rd1 cxd4 13. exd4 Qc8 14. Qe2 a6 15. a4 Nxe5 16. fxe5 Nd7 17. Bd3 Re8 18. Qg4 f5 19. exf6 Bxf6 20. Be3 Nf8 21. Ne4 Bxe4 22. Bxe4 Rb8 23. Rac1 Qd8 24. Qe2 Rc8 25. Bc6 Re7 26. Qxa6 Kh8 27. d5 exd5 28. Bxb6 Rxc6 29. Rxc6 Qe8 30. Rc8 Qf7 31. Qa8 1-0

[Event "Chigorin Memorial 19th"]
[Site "St Petersburg"]
[Date "2011.10.21"]
[Round "8"]
[White "Andreeva, Yuliya"]
[Black "Butuc, Maria"]
[Result "1/2-1/2"]
[WhiteElo "1940"]
[BlackElo "2183"]
[PlyCount "118"]
[EventDate "2011.10.14"]
[EventType "swiss"]
[EventRounds "9"]
[EventCountry "RUS"]
[SourceTitle "CBM 144 Extra"]
[Source "ChessBase"]
[SourceDate "2011.10.28"]
[SourceVersion "1"]
[SourceVersionDate "2011.10.28"]
[SourceQuality "1"]

1. e4 c6 2. d4 d5 3. Nc3 dxe4 4. Nxe4 Nd7 5. Ng5 Ngf6 6. Bc4 e6 7. Ne2 h6 8. Nf3 Bd6 9. 0-0 Qc7 10. h3 0-0 11. Be3 Nd5 12. Bd2 c5 13. Bxd5 exd5 14. Nc3 Qc6 15. dxc5 Bxc5 16. Bf4 Nb6 17. Nd4 Qf6 18. Nce2 Re8 19. Bg3 Bd7 20. Nb3 Bf8 21. c3 a5 22. Nf4 a4 23. Nd4 g6 24. Qd3 h5 25. Nb5 h4 26. Bh2 Rac8 27. b3 axb3 28. axb3 Rc5 29. Nd4 Rec8 30. Nfe2 Bg7 31. Ra7 Rxc3 32. Nxc3 Qxd4 33. Qxd4 Bxd4 34. Ne2 Bc5 35. b4 Bxb4 36. Rxb7 Bc5 37. Rd1 Bc6 38. Rc7 Rxc7 39. Bxc7 Ba4 40. Rb1 Nc4 41. Bd8 Kg7 42. Bxh4 Nd2 43. Ra1 Bb3 44. Bg3 Bc4 45. Be5+ f6 46. Bd4 Nb3 47. Bxc5 Nxa1 48. Nd4 Nb3 49. Nxb3 Bxb3 50. Kf1 Bc4+ 51. Ke1 Kf7 52. h4 Ke6 53. Kd2 Ke5 54. Ke3 Bf1 55. g3 Bh3 56. Bd4+ Ke6 57. Kf4 Bf5 58. Ke3 Bh3 59. Kf4 Bf5 1/2-1/2

[Event "Chigorin Memorial 19th"]
[Site "St Petersburg"]
[Date "2011.10.16"]
[Round "3"]
[White "Andreeva, Yuliya"]
[Black "Popov, Artemiy"]
[Result "0-1"]
[WhiteElo "1940"]
[BlackElo "1649"]
[PlyCount "50"]
[EventDate "2011.10.14"]
[EventType "swiss"]
[EventRounds "9"]
[EventCountry "RUS"]
[SourceTitle "CBM 144 Extra"]
[Source "ChessBase"]
[SourceDate "2011.10.28"]
[SourceVersion "1"]
[SourceVersionDate "2011.10.28"]
[SourceQuality "1"]

1. d4 Nf6 2. c4 e6 3. Nc3 Bb4 4. e3 0-0 5. Bd3 c5 6. Nf3 d5 7. 0-0 Nc6 8. h3 dxc4 9. Bxc4 Qe7 10. Na4 cxd4 11. Nxd4 Ne5 12. Be2 Rd8 13. a3 Bd6 14. b4 Ng6 15. Qb3 e5 16. Nb5 Be6 17. Bc4 Bxc4 18. Qxc4 Rac8 19. Qb3 Bb8 20. Bb2 Ne4 21. Qa2 Qg5 22. Kh2 Nh4 23. g3 Nxg3 24. fxg3 Rc2+ 25. Kh1 Nf5 0-1

[Event "Chigorin Memorial 19th"]
[Site "St Petersburg"]
[Date "2011.10.15"]
[Round "2"]
[White "Naboka, Sergey"]
[Black "Andreeva, Yuliya"]
[Result "1-0"]
[WhiteElo "2210"]
[BlackElo "1940"]
[PlyCount "141"]
[EventDate "2011.10.14"]
[EventType "swiss"]
[EventRounds "9"]
[EventCountry "RUS"]
[SourceTitle "CBM 144 Extra"]
[Source "ChessBase"]
[SourceDate "2011.10.28"]
[SourceVersion "1"]
[SourceVersionDate "2011.10.28"]
[SourceQuality "1"]

1. e4 c5 2. Nf3 Nc6 3. Bb5 d6 4. Bxc6+ bxc6 5. 0-0 e5 6. c3 Nf6 7. d4 cxd4 8. cxd4 exd4 9. Nxd4 c5 10. Nb5 a6 11. N5c3 Be7 12. Nd5 Nxd5 13. Qxd5 Be6 14. Qd3 0-0 15. Nc3 Qd7 16. Bf4 f5 17. Rfe1 Rae8 18. exf5 Rxf5 19. Bg3 c4 20. Qe3 Bf8 21. Qb6 a5 22. Rad1 d5 23. a3 Kf7 24. Nb5 Rc8 25. Nd4 Rf6 26. Qxa5 Bc5 27. Be5 Bxd4 28. Rxd4 Rf5 29. f4 h5 30. Qc3 Rc6 31. Bxg7 Qa7 32. Be5 Rb6 33. Qg3 Kf8 34. Kh1 Qf7 35. Rd2 Qh7 36. Qh4 Qe7 37. Qf2 Qb7 38. Bd4 Rc6 39. Rde2 Qd7 40. a4 Kf7 41. Qg3 Kf8 42. Qg6 Qf7 43. Qh6+ Ke7 44. h3 Kd7 45. Be5 Qg8 46. Bc3 Qf7 47. g3 h4 48. Qxh4 Rh5 49. Qf6 Qxf6 50. Bxf6 Bxh3 51. Re7+ Kc8 52. Bc3 Bf5+ 53. Kg2 Be4+ 54. R1xe4 dxe4 55. Rxe4 Kd7 56. g4 Rh4 57. Kg3 Rh1 58. f5 Ra1 59. a5 Rg1+ 60. Kf4 Rc8 61. f6 Rg8 62. Re7+ Kc6 63. Rg7 Rf8 64. g5 Rf1+ 65. Kg4 Kd5 66. a6 Ra1 67. a7 Ra8 68. g6 Rg1+ 69. Kf3 Rxg6 70. Rxg6 Rxa7 71. Rg7 1-0

[Event "Chigorin Memorial 19th"]
[Site "St Petersburg"]
[Date "2011.10.14"]
[Round "1"]
[White "Andreeva, Yuliya"]
[Black "Vlasenko, Miroslav"]
[Result "0-1"]
[WhiteElo "1940"]
[BlackElo "2382"]
[PlyCount "84"]
[EventDate "2011.10.14"]
[EventType "swiss"]
[EventRounds "9"]
[EventCountry "RUS"]
[SourceTitle "CBM 144 Extra"]
[Source "ChessBase"]
[SourceDate "2011.10.28"]
[SourceVersion "1"]
[SourceVersionDate "2011.10.28"]
[SourceQuality "1"]

1. d4 Nc6 2. Nf3 d5 3. Bf4 Bg4 4. e3 e6 5. Nbd2 Bd6 6. Bxd6 cxd6 7. Be2 Nf6 8. 0-0 0-0 9. Ne1 Bxe2 10. Qxe2 e5 11. dxe5 dxe5 12. Nb3 Qb6 13. Nf3 Rac8 14. a4 a6 15. Rfd1 Rfe8 16. a5 Qb4 17. Qd2 Qc4 18. Ne1 e4 19. Nd4 Ne5 20. b3 Qc7 21. Ne2 Neg4 22. Ng3 h5 23. h3 h4 24. Nf1 Ne5 25. Nh2 Rcd8 26. f4 Nc6 27. Qc3 d4 28. Qd2 Nd5 29. exd4 e3 30. Qc1 Nxf4 31. Kh1 Nxd4 32. Rxd4 Rxd4 33. Nhf3 Ne2 34. Qb2 Ng3+ 35. Kg1 Rf4 36. c4 Rd8 37. Qc2 e2 38. c5 Qe5 39. Rc1 Qe3+ 40. Kh2 Rd2 41. Qb1 Rxf3 42. Nxf3 Qxf3 0-1

[Event "St Petersburg Spring op"]
[Site "St Petersburg"]
[Date "2011.03.29"]
[Round "7"]
[White "Tskhadadze, Anna"]
[Black "Andreeva, Yuliya"]
[Result "0-1"]
[WhiteElo "1755"]
[BlackElo "1986"]
[PlyCount "66"]
[EventDate "2011.03.23"]
[EventType "swiss"]
[EventRounds "9"]
[EventCountry "RUS"]
[SourceTitle "CBM 141 Extra"]
[Source "ChessBase"]
[SourceDate "2011.05.03"]
[SourceVersion "1"]
[SourceVersionDate "2011.05.03"]
[SourceQuality "1"]

1. d4 d5 2. c4 c6 3. Nc3 e6 4. Nf3 dxc4 5. e4 b5 6. Be2 Bb4 7. 0-0 Ne7 8. a4 Bxc3 9. bxc3 0-0 10. Nd2 Nd7 11. f4 Nb6 12. Rf3 a5 13. e5 Ned5 14. Ne4 Nxa4 15. Bxc4 Naxc3 16. Nxc3 Nxc3 17. Rxc3 bxc4 18. Rxc4 Qd5 19. Rc5 Qe4 20. Rcxa5 Rxa5 21. Rxa5 Rd8 22. Ra4 c5 23. Ba3 Bb7 24. Qd2 Qb1+ 25. Kf2 Qb3 26. Qa5 Qc2+ 27. Ke1 Qe4+ 28. Kd1 Qd3+ 29. Qd2 Qf1+ 30. Qe1 Qxg2 31. Bxc5 Be4 32. Ra2 Bf3+ 33. Re2 Ra8 0-1

[Event "St Petersburg Spring op"]
[Site "St Petersburg"]
[Date "2011.03.25"]
[Round "3"]
[White "Mylnikov, Mikhail"]
[Black "Andreeva, Yuliya"]
[Result "1/2-1/2"]
[WhiteElo "1764"]
[BlackElo "1986"]
[PlyCount "59"]
[EventDate "2011.03.23"]
[EventType "swiss"]
[EventRounds "9"]
[EventCountry "RUS"]
[SourceTitle "CBM 141 Extra"]
[Source "ChessBase"]
[SourceDate "2011.05.03"]
[SourceVersion "1"]
[SourceVersionDate "2011.05.03"]
[SourceQuality "1"]

1. e4 c5 2. Nc3 d6 3. g3 Nf6 4. Bg2 e6 5. d3 Be7 6. Be3 0-0 7. h3 Nc6 8. Qd2 Rb8 9. Nge2 b5 10. 0-0 b4 11. Nd1 d5 12. f4 Bb7 13. e5 Nd7 14. d4 Na5 15. Bf2 Nc4 16. Qd3 cxd4 17. Bxd4 Nc5 18. Bxc5 Bxc5+ 19. Kh2 Bc6 20. b3 Na5 21. Nd4 Bb7 22. f5 Qc7 23. fxe6 Qxe5 24. exf7+ Kh8 25. c3 Bxd4 26. Qxd4 Qxd4 27. cxd4 Nc6 28. Ne3 Nxd4 29. Bxd5 Bxd5 30. Nxd5 1/2-1/2

[Event "St Petersburg Spring op"]
[Site "St Petersburg"]
[Date "2011.03.24"]
[Round "2"]
[White "Andreeva, Yuliya"]
[Black "Reznik, Vladimir"]
[Result "0-1"]
[WhiteElo "1986"]
[BlackElo "2162"]
[PlyCount "78"]
[EventDate "2011.03.23"]
[EventType "swiss"]
[EventRounds "9"]
[EventCountry "RUS"]
[SourceTitle "CBM 141 Extra"]
[Source "ChessBase"]
[SourceDate "2011.05.03"]
[SourceVersion "1"]
[SourceVersionDate "2011.05.03"]
[SourceQuality "1"]

1. d4 d5 2. c4 e6 3. Nc3 Nf6 4. Bg5 Nbd7 5. e3 c6 6. cxd5 exd5 7. Qc2 Be7 8. Nf3 0-0 9. Bd3 Re8 10. 0-0 Nf8 11. Rab1 Ne4 12. Bxe7 Qxe7 13. b4 a6 14. a4 Ng6 15. Nd2 Nxd2 16. Qxd2 Bd7 17. b5 axb5 18. axb5 Ra3 19. bxc6 bxc6 20. Rb7 Qd6 21. Qb2 Rea8 22. Rc1 Nf8 23. Bb1 Bc8 24. Rb6 R3a6 25. Bd3 Rxb6 26. Qxb6 Nd7 27. Qd8+ Qf8 28. Qc7 Qa3 29. Rc2 Qa1+ 30. Bf1 Ba6 31. Ne2 Bxe2 32. Rxe2 Nf8 33. Qxc6 Rb8 34. f3 Rb1 35. Rf2 Re1 36. Qxd5 Rxe3 37. Qc4 Rc3 38. Qe2 Rc1 39. Qb2 Rxf1+ 0-1